| 000 | 00534nam a22001817a 4500 | ||
|---|---|---|---|
| 005 | 20240910082929.0 | ||
| 008 | 240910b |||||||| |||| 00| 0 eng d | ||
| 020 | _a040906016 X | ||
| 041 | _aEnglish | ||
| 082 | _a346.3 VAN | ||
| 100 | _lEnglish | ||
| 245 |
_aDelict Principles and Cases / _cJC van der Walt |
||
| 250 | _aFirst Edition | ||
| 260 |
_aDurban: _bButterworth and Company (Pty) Ltd, _c1979 |
||
| 300 |
_bx, 305 pages; _c25 cm. |
||
| 650 |
_aLegal practice _bLaw |
||
| 942 |
_cBK _6ALISON_BN_VRIES |
||
| 999 |
_c3034 _d3034 |
||